000
00322nam a2200133Ia 4500
008
191201s2002 xx 000 0 und d
100
_a
JAIN, Manish
245
0
_a
Microsoft Office 2000 Complete
250
_a
1st
260
_a
N.Delhi
_b
BPB Publication
_c
2002
300
_a
1017
650
_a
B.Tech(CSE)
942
_2
ddc
_c
BK
999
_c
1944
_d
1944